Nezávislé fiškálne inštitúcie ako nástroj fiškálnej udržateľnosti krajín
Alternatívne kompetencie nezávislej fiškálnej inštitúcie. Lepšie rozpočtovanie, nižšie deficity verejných financií a menší dlh. Fiškálne rady vo vybraných štátoch EÚ.
Uložené v:
| Hlavný autor: | |
|---|---|
| Ďalší autori: | |
| Médium: | Kapitola |
| Jazyk: | Slovak |
| Predmet: | |
| Tagy: |
Žiadne tagy, Buďte prvý, kto otaguje tento záznam!
|
MARC
| LEADER | 00000nla a2200000 4500 | ||
|---|---|---|---|
| 001 | 0240656 | ||
| 005 | 20240712112603.1 | ||
| 041 | 0 | |a slo | |
| 044 | |a SK | ||
| 245 | 1 | 0 | |a Nezávislé fiškálne inštitúcie ako nástroj fiškálnej udržateľnosti krajín |c Eva Muchová, Marek Kálovec |
| 520 | |a Alternatívne kompetencie nezávislej fiškálnej inštitúcie. Lepšie rozpočtovanie, nižšie deficity verejných financií a menší dlh. Fiškálne rady vo vybraných štátoch EÚ. | ||
| 610 | 2 | 0 | |a politika fiškálna |
| 610 | 2 | 0 | |a financie verejné |
| 610 | 2 | 0 | |a rozpočty verejné |
| 610 | 2 | 0 | |a transparentnosť |
| 610 | 2 | 0 | |a inštitúcie finančné |
| 610 | 2 | 0 | |a nezávislosť |
| 610 | 2 | 0 | |a kompetencie |
| 610 | 2 | 0 | |a Európska únia |
| 100 | 1 | |a Muchová, Eva, 1961- | |
| 700 | 1 | |a Kálovec, Marek | |